| 000 | 00483aam a2200205 4500 | ||
|---|---|---|---|
| 005 | 20231011142407.0 | ||
| 008 | 150611b xxu||||| |||| 00| 0 spa d | ||
| 041 | _aspa | ||
| 082 | _a155.23 R627a | ||
| 100 |
_aRiso, Walter _911481 |
||
| 245 | _aAma y no sufras | ||
| 260 | _aColombia | ||
| 260 | _bNorma | ||
| 260 | _c2003 | ||
| 300 | _a256 páginas | ||
| 650 | _aSUPERACION PERSONAL | ||
| 650 | _aRELACIONES DE PAREJA | ||
| 650 | _aENAMORAMIENTO | ||
| 942 |
_cLIT _2ddc |
||
| 999 |
_c1298 _d1298 |
||